00650nam a22002057a 450000500170000001000280001702000270004503500170007203500140008903700140010308200120011710000210012924501250015025000110027526000350028627000600032130000260038150000200040770000170042720240903120554.0 aB-682238-240 ENG-141591 a9788126567287c1299.00 aB-682238-240 aEN-125123 bDBADadpl a610.285 aEtchings, Jay A. aStrategies in biomedical data science : cby Jay A. Etchings; forwarded by Ken Buetow bdriving force for innovation /  a2nd ed aNew Delhi bWiley India c2017 a4435-36/7, Ansari Road, Daryaganj, bNew Delhi e110002v axvi,4545p.c23cm(pbk) aIncludes index  aBuetow, Ken